|
|
|
|
| LEADER |
00000nam0a2200000 4500 |
| 001 |
241770 |
| 005 |
20231101231836.0 |
| 010 |
|
|
|a 9785160060132
|
| 035 |
|
|
|a (RuTPU)RU\TPU\book\263058
|
| 090 |
|
|
|a 241770
|
| 100 |
|
|
|a 20130819d2013 m y0rusy50 ca
|
| 101 |
0 |
|
|a rus
|
| 102 |
|
|
|a RU
|
| 105 |
|
|
|a a j 001zy
|
| 200 |
1 |
|
|a Теория организации
|e учебное пособие для вузов
|f В. И. Подлесных, Н. В. Кузнецов
|g под ред. В. И. Подлесных
|
| 205 |
|
|
|a 4-е изд., испр. и доп.
|
| 210 |
|
|
|a Москва
|c Инфра-М
|d 2013
|
| 215 |
|
|
|a 344 с.
|c ил.
|
| 225 |
1 |
|
|a Высшее образование. Бакалавриат
|
| 320 |
|
|
|a Библиогр.: с. 335-341.
|
| 330 |
|
|
|a В пособии освещается широкий круг вопросов современной теории и практики организации: понятие, предмет, метод, сущность и основные категории теории организации, обеспечивающие объективные условия организованности и управляемости систем. Впервые в курсе теории организации раскрыты методологические основы и логика структурообразующей модели современной теории организации, рассмотрены основные направления системной реструктуризации производства; представлены общие закономерности развития систем, законы и принципы организации, характер их проявления; дается анализ системного кризиса экономики, науки и образования, представлены теоретические основы синергетического развития предпринимательских структур; разработаны новые подходы и методы развития систем на основе взаимодействия механизмов организации, управления и самоорганизации. Для преподавателей, студентов и аспирантов вузов, научных и практических работников, а также для тех, кто интересуется актуальными проблемами теории и практики организации.
|
| 606 |
1 |
|
|a Теория организации
|2 stltpush
|3 (RuTPU)RU\TPU\subj\67710
|9 83402
|
| 610 |
1 |
|
|a методология
|
| 610 |
1 |
|
|a категории
|
| 610 |
1 |
|
|a менеджмент
|
| 610 |
1 |
|
|a законы
|
| 610 |
1 |
|
|a принципы
|
| 610 |
1 |
|
|a предпринимательские структуры
|
| 610 |
1 |
|
|a синергетика
|
| 610 |
1 |
|
|a организационное поведение
|
| 610 |
1 |
|
|a организационные структуры
|
| 610 |
1 |
|
|a системный кризис
|
| 610 |
1 |
|
|a инновационное развитие
|
| 610 |
1 |
|
|a экономические реформы
|
| 610 |
1 |
|
|a учебные пособия
|
| 686 |
|
|
|a У9(2)29я73
|v LBC/SL-A
|2 rubbk
|
| 700 |
|
1 |
|a Подлесных
|b В. И.
|g Виктор Иванович
|
| 701 |
|
1 |
|a Кузнецов
|b Н. В.
|g Николай Владимирович
|
| 702 |
|
1 |
|a Подлесных
|b В. И.
|g Виктор Иванович
|4 340
|
| 801 |
|
1 |
|a RU
|b 63413507
|c 20130819
|
| 801 |
|
2 |
|a RU
|b 63413507
|c 20150527
|g RCR
|
| 900 |
|
|
|a Теория организации
|
| 942 |
|
|
|c BK
|
| 955 |
|
|
|l 8
|
| 959 |
|
|
|a 109/20130819
|d 2
|e 339,90
|f ЧЗГЛ:1
|f АНЛ:1
|